Consultation on national planning framework 2 (Record no. 108587)

MARC details
000 -LEADER
fixed length control field 00749cad a22002055a 4500
001 - CONTROL NUMBER
control field E144672
008 - FIXED-LENGTH DATA ELEMENTS--GENERAL INFORMATION
fixed length control field 080805e20080415stk f 000 0 eng |
035 ## - SYSTEM CONTROL NUMBER
System control number (Sirsi) u144672
041 0# - LANGUAGE CODE
Language code of text/sound track or separate title eng
110 2# - MAIN ENTRY--CORPORATE NAME
Corporate name or jurisdiction name as entry element Royal Institution of Chartered Surveyors
Subordinate unit Scotland
9 (RLIN) 3082
245 00 - TITLE STATEMENT
Title Consultation on national planning framework 2
Medium [electronic resource]
260 ## - PUBLICATION, DISTRIBUTION, ETC.
Place of publication, distribution, etc. Edinburgh
Name of publisher, distributor, etc. RICS Scotland
Date of publication, distribution, etc. 2008
300 ## - PHYSICAL DESCRIPTION
Extent 5p.
Dimensions 30cm.
490 ## - SERIES STATEMENT
Series statement PPU/REPORT
Volume/sequential designation (08)6
520 ## - SUMMARY, ETC.
Summary, etc. 15 April 2008. Response to the Scottish Government.
651 #4 - SUBJECT ADDED ENTRY--GEOGRAPHIC NAME
Geographic name Scotland
Chronological subdivision 1999-
690 ## - LOCAL SUBJECT ADDED ENTRY--TOPICAL TERM (OCLC, RLIN)
Topical term or geographic name as entry element Planning and development
9 (RLIN) 6259
856 41 - ELECTRONIC LOCATION AND ACCESS
Uniform Resource Identifier <a href="https://www.rics.org/RICSWEB/getpage.aspx?p=EmlpVTGsdkS3CrZPH6ATbQ">https://www.rics.org/RICSWEB/getpage.aspx?p=EmlpVTGsdkS3CrZPH6ATbQ</a>
Public note View the response free of charge at www.rics.org...
942 ## - ADDED ENTRY ELEMENTS (KOHA)
Suppress in OPAC 0
Holdings
Withdrawn status Lost status Source of classification or shelving scheme Damaged status Not for loan Home library Current library Shelving location Date acquired Total Checkouts Full call number Barcode Date last seen Copy number Price effective from Koha item type
    Dewey Decimal Classification     Virtual Virtual Online 05/08/2008   ONLINE PUBLICATION 144672-2001 06/08/2019 1 06/08/2019 Book